| 000 | 01114 a2200157 4500 | ||
|---|---|---|---|
| 003 | Nust | ||
| 005 | 20221102131032.0 | ||
| 040 | _cNust | ||
| 082 | _a509.2954,PCS | ||
| 245 |
_aScientific research in Pakistan / _cPakistan Council for Science and Technology |
||
| 260 |
_aIslamabad _bPakistan Council for Science and Technology _c2000 |
||
| 300 | _a313 p. | ||
| 505 | _a194 Productive Scientists With Citations And Cumulative Impact Factors Greater Then 15 (Page-1), Discipline Wise List Of Scientists With Citations And Cumulative Impact Factors Greater Than 15 (Page-195), Alphabetical List Of Scientists With Citations And Cumulative Impact Factors (Page-205), List Of Professors Of Universities With Citations And Cumulative Impact Factors (Page-276), List Of Scientists Who Received National Awards With Citations And Impact Factors (Page-287), List Of Vice Chancellors Of The Universities With Citations And Impact Factors (Page-291), Lists Of Scientists Working In PCSIR (Page-293), Cumulative Impact Factors Of S & T Organizations (Page-304). | ||
| 650 | _aMathematics | ||
| 942 |
_2ddc _cBK _k509.2954,PCS |
||
| 999 |
_c179846 _d179846 |
||